000 00623nam a2200229Ia 4500
003 OSt
005 20220926014828.0
006 a|||||r|||| 00| 0
007 ta
008 220923b |||||||| |||| 00| 0 eng d
037 _cGeneral Book
040 _aRTL
_cRTL
_beng
041 _2eng
_aeng
082 _aS:86, K9
100 _aHansen Donald A Ed.
_9321175
245 0 _aExplorations in sociology and counselling
260 _aNew York
_bMifflin U S A
_c1969
300 _axvii,456p
_ccm.
650 _aPsychology
942 _hS:86, K9
_cGB
_2CC
999 _c629938
_d629938